[Event "Varna op 7th"]
[Site "Varna"]
[Date "2013.06.26"]
[Round "8"]
[White "Dimitrov, Dejan"]
[Black "Ivanov, Ivan Petkov"]
[Result "0-1"]
[WhiteElo "2029"]
[BlackElo "2099"]
[PlyCount "64"]
[EventDate "2013.06.19"]
[EventType "swiss"]
[EventRounds "9"]
[EventCountry "BUL"]
[SourceTitle "CBM 155 Extra"]
[Source "ChessBase"]
[SourceDate "2013.08.26"]
[SourceVersion "1"]
[SourceVersionDate "2013.08.26"]
[SourceQuality "1"]

1. d4 d5 2. Nf3 c5 3. c4 e6 4. cxd5 exd5 5. Nc3 Nc6 6. g3 cxd4 7. Nxd4 Bb4 8. Nxc6 bxc6 9. Qd4 Be7 10. e4 Be6 11. Bf4 Nf6 12. Bg2 0-0 13. exd5 Nxd5 14. Nxd5 cxd5 15. 0-0 Qd7 16. Rfd1 Rfd8 17. Rac1 Rac8 18. Be5 Bf8 19. Rxc8 Rxc8 20. Bxd5 Rc5 21. Bxe6 Qxe6 22. Bd6 Rc4 23. Qd5 Rc1 24. Qf3 Rxd1+ 25. Qxd1 Bxd6 26. Qa4 Bc5 27. Qc2 Qd5 28. a3 g6 29. b4 Bd4 30. a4 h5 31. Qe2 Kg7 32. h3 Qb3 0-1